000 00583cam a2200181 a 4500
001 000006909
005 20200929154022.0
008 890530s1987 cu a b 000 0aspa
040 _aDO-SdBNP
_cDLC
_dDLC
082 _a972.91063
_bL431r
100 1 _aLazo Pérez, Mario,
_d1931-
_919148
245 1 0 _aRecuerdos del Moncada /
_cMario Lazo Pérez.
260 _aLa Habana :
_bPolítica,
_c1987.
300 _axiv, 190 p. :
_bil. ;
_c23 cm.
504 _aBibliografías: p. 191.
651 4 _aCuba
_xHistoria
_yASALTO AL CUARTEL MONCADA, 1953
_919149
910 _aCatalogación por copia / LC
999 _c6694
_d6694